000 00414nam a2200145 i 4500
001 bg
245 0 _aGospodarka Polski Ludowej 1944-1955 /
_cpod red. Janusza Kalińskiego, Zbigniewa Landaua. - [T.] 2.
260 _aWarszawa :
_bKsiążka i Wiedza,
_c1976.
300 _as. 383 :
_btab.
040 _cBPK
041 _apol
080 _a338.(091)(438)
942 _cKS
008 s pl f |000 0 pol
999 _c17082
_d17082
856 _uhttp://koha.tu.koszalin.pl/cgi-bin/koha/opac-detail.pl?biblionumber=17082
_yKatalog online BPK